College Football General Knowledge Quiz #1 - Statistics

General Stats
  • This quiz has been taken 104 times
  • The average score is 14 of 20
Answer Stats
Hint Answer % Correct
Which school has the most national titles in the AP Top 25 era? Alabama
98%
What team name is the most common in the Power 5?HINT: Memphis _______ Tigers
96%
Which school has the most all-time wins in CFB history? Michigan
92%
- LSU
89%
What two schools play in stadiums nicknamed "Death Valley?" Clemson
84%
What is the nickname for the Auburn-Alabama rivalry game? The Iron Bowl
84%
What quarterback led Texas to a national title in the 2006 Rose Bowl? Vince Young
82%
What is Virginia Tech's team name? Hokies
81%
The movie "Rudy" is based on a walk-on player from what school? Notre Dame
80%
What school plays its home games "between the hedges" of Sanford Stadium Georgia
76%
What team famously upset Michigan with a blocked field goal in 2007? Appalachian State
72%
What school would you be watching if you were in West Lafayette, Indiana? Purdue
69%
What conference do Coastal Carolina, James Madison, and Troy play in? Sun Belt Conference
65%
Name one of the schools who participated in the first ever College Football Playoff game Florida State, Oregon
64%
What was name of the rankings system used from 1998-2013 before the College Football Playoff? Bowl Championship Series
60%
What is the name of Texas' longhorn mascot? Bevo
53%
Who is the only former walk-on to win the Heisman Trophy? Baker Mayfield
49%
At what school did Brett Favre play quarterback? Southern Mississippi
43%
At what school did Nick Saban play defensive back? Kent State
42%
What head coach led Florida State to two national championships and fourteen straight Top 10 finishes between 1987 and 2000? Bobby Bowden
36%
No matching quizzes found
Score Distribution
Percent of People with Each Score
Percentile by Number Answered
Your Score History
You have not taken this quiz